[Event "Bronshoj Spring"]
[Site "Copenhagen"]
[Date "2022.03.24"]
[Round "5"]
[White "Petersen, Steen Brustrup"]
[Black "Tandrup, Michael"]
[Result "1-0"]
[WhiteElo "2083"]
[BlackElo "1915"]
[PlyCount "59"]
[EventDate "2022.03.24"]
[EventType "tourn"]
[EventRounds "5"]
[EventCountry "DEN"]
[SourceTitle "EXT 2024"]
[Source "ChessBase"]
[SourceDate "2023.10.10"]
[SourceVersion "1"]
[SourceVersionDate "2023.10.10"]
[SourceQuality "1"]

1. e4 c5 2. Nf3 Nc6 3. Nc3 e5 4. Bc4 h6 5. d3 Nf6 6. Nd2 d6 7. Nf1 Be7 8. Ne3 a6 9. a4 b6 10. Ncd5 0-0 11. Nxf6+ Bxf6 12. Bd5 Qc7 13. c3 Rb8 14. h4 Kh7 15. g4 g6 16. g5 Bg7 17. h5 Nd8 18. Ng4 Bxg4 19. Qxg4 Qc8 20. Qg3 Ne6 21. Rg1 Qe8 22. gxh6 Bh8 23. Qg4 Rg8 24. Bd2 Qe7 25. Ke2 Rbf8 26. Bc4 b5 27. axb5 axb5 28. Bxe6 Qxe6 29. Qxe6 fxe6 30. Ra7+ 1-0

[Event "Helsingor Xtracon op"]
[Site "Helsingor"]
[Date "2019.07.22"]
[Round "4"]
[White "Skjolingstad, Sverre"]
[Black "Tandrup, Michael"]
[Result "1/2-1/2"]
[WhiteElo "1754"]
[BlackElo "1962"]
[PlyCount "32"]
[EventDate "2019.07.20"]
[EventType "swiss"]
[EventRounds "10"]
[EventCountry "DEN"]
[SourceTitle "CBM 191 Extra"]
[Source "ChessBase"]
[SourceDate "2019.09.30"]
[SourceVersion "1"]
[SourceVersionDate "2019.09.30"]
[SourceQuality "1"]

1. e4 c5 2. Nf3 Nc6 3. d4 cxd4 4. Nxd4 e5 5. Nb5 d6 6. c4 a6 7. N5a3 f5 8. Nc3 Nf6 9. Bg5 Be7 10. Bxf6 Bxf6 11. g3 0-0 12. Bg2 Nd4 13. Nc2 Rb8 14. 0-0 Nxc2 15. Qxc2 Be6 16. Nd5 Bxd5 1/2-1/2

[Event "Helsingor Xtracon op"]
[Site "Helsingor"]
[Date "2019.07.21"]
[Round "3"]
[White "Tandrup, Michael"]
[Black "Rydstrom, Tom"]
[Result "0-1"]
[WhiteElo "1962"]
[BlackElo "2345"]
[PlyCount "42"]
[EventDate "2019.07.20"]
[EventType "swiss"]
[EventRounds "10"]
[EventCountry "DEN"]
[SourceTitle "CBM 191 Extra"]
[Source "ChessBase"]
[SourceDate "2019.09.30"]
[SourceVersion "1"]
[SourceVersionDate "2019.09.30"]
[SourceQuality "1"]

1. c4 e5 2. g3 Nc6 3. Bg2 Bc5 4. e3 d6 5. Ne2 a6 6. Nbc3 Ba7 7. d4 h5 8. Bxc6+ bxc6 9. dxe5 dxe5 10. Qxd8+ Kxd8 11. h3 h4 12. g4 f5 13. gxf5 Bxf5 14. e4 Be6 15. Bg5+ Kc8 16. b3 Kb7 17. Be3 Bxe3 18. fxe3 Nf6 19. Nc1 Rad8 20. Ke2 Nh5 21. Rh2 Rhf8 0-1

[Event "Hillerod-chA"]
[Site "Hillerod"]
[Date "2019.05.28"]
[Round "6"]
[White "Brondal, Paul"]
[Black "Tandrup, Michael"]
[Result "1/2-1/2"]
[WhiteElo "2092"]
[BlackElo "1979"]
[PlyCount "33"]
[EventDate "2019.04.23"]
[EventType "tourn"]
[EventRounds "7"]
[EventCountry "DEN"]
[SourceTitle "EXT 2020"]
[Source "ChessBase"]
[SourceDate "2019.10.17"]
[SourceVersion "1"]
[SourceVersionDate "2019.10.17"]
[SourceQuality "1"]

1. e4 c5 2. Nf3 Nc6 3. d4 cxd4 4. Nxd4 e5 5. Nb5 a6 6. Nd6+ Bxd6 7. Qxd6 Qf6 8. Qd1 Qg6 9. Nc3 Nf6 10. f3 d5 11. Nxd5 Nxd5 12. Qxd5 0-0 13. c3 Rd8 14. Qc5 Be6 15. Qf2 f5 16. exf5 Qxf5 17. Be3 1/2-1/2

[Event "Copenhagen Challenge"]
[Site "Ballerup"]
[Date "2019.05.16"]
[Round "2"]
[White "Tandrup, Michael"]
[Black "Wahlgreen, Noah Krug"]
[Result "1-0"]
[WhiteElo "1982"]
[BlackElo "1721"]
[PlyCount "65"]
[EventDate "2019.05.15"]
[EventType "swiss"]
[EventRounds "9"]
[EventCountry "DEN"]
[SourceTitle "CBM 190 Extra"]
[Source "ChessBase"]
[SourceDate "2019.07.15"]
[SourceVersion "1"]
[SourceVersionDate "2019.07.15"]
[SourceQuality "1"]

1. c4 Nf6 2. g3 e6 3. Bg2 d5 4. Nf3 Bd6 5. 0-0 0-0 6. b3 c5 7. cxd5 exd5 8. Bb2 Nc6 9. d3 Bf5 10. Nbd2 Qe7 11. Rc1 Rfe8 12. Re1 Rac8 13. Nf1 d4 14. e4 Bg4 15. h3 Bh5 16. g4 Bg6 17. e5 Bxe5 18. Nxe5 Nxe5 19. f4 Qc7 20. fxe5 Rxe5 21. Bxd4 Rxe1 22. Qxe1 Qd6 23. Bxf6 Qxf6 24. Be4 Qd4+ 25. Qf2 Qe5 26. Bxg6 hxg6 27. d4 Qe6 28. Rxc5 Rd8 29. Re5 Qd6 30. Qe3 Qxd4 31. Qxd4 Rxd4 32. Re8+ Kh7 33. Re7 1-0

[Event "Bronshoj-chA"]
[Site "Copenhagen"]
[Date "2019.05.09"]
[Round "7"]
[White "Tandrup, Michael"]
[Black "Nordenbaek, Jan"]
[Result "1/2-1/2"]
[WhiteElo "1992"]
[BlackElo "2188"]
[PlyCount "78"]
[EventDate "2019.03.07"]
[EventType "tourn"]
[EventRounds "9"]
[EventCountry "DEN"]
[SourceTitle "EXT 2020"]
[Source "ChessBase"]
[SourceDate "2019.10.17"]
[SourceVersion "1"]
[SourceVersionDate "2019.10.17"]
[SourceQuality "1"]

1. c4 e6 2. e4 d5 3. exd5 exd5 4. d4 Nf6 5. Nc3 Bb4 6. Nf3 0-0 7. Be2 Bg4 8. 0-0 dxc4 9. Bg5 Bxc3 10. bxc3 h6 11. Bxf6 Qxf6 12. Ne5 Bxe2 13. Qxe2 Qa6 14. Qxc4 Qxc4 15. Nxc4 Re8 16. Rab1 b6 17. Rfe1 Nd7 18. Kf1 Kf8 19. Rxe8+ Rxe8 20. Re1 Rd8 21. Ne5 Nxe5 22. Rxe5 Rd6 23. Ke2 f6 24. Re3 Kf7 25. Kd3 a6 26. Re2 Re6 27. Re4 g6 28. f4 Rxe4 29. Kxe4 Ke6 30. g4 f5+ 31. gxf5+ gxf5+ 32. Kd3 Kd5 33. c4+ Kd6 34. a4 c6 35. Kc3 h5 36. h4 a5 37. Kb3 Ke6 38. Ka3 Kd6 39. Kb3 Ke6 1/2-1/2

[Event "Hillerod-chA"]
[Site "Hillerod"]
[Date "2019.04.23"]
[Round "1"]
[White "Andersen, Ib Hother"]
[Black "Tandrup, Michael"]
[Result "1-0"]
[WhiteElo "2157"]
[BlackElo "1979"]
[PlyCount "123"]
[EventDate "2019.04.23"]
[EventType "tourn"]
[EventRounds "7"]
[EventCountry "DEN"]
[SourceTitle "EXT 2020"]
[Source "ChessBase"]
[SourceDate "2019.10.17"]
[SourceVersion "1"]
[SourceVersionDate "2019.10.17"]
[SourceQuality "1"]

1. c4 c5 2. Nf3 Nc6 3. d4 cxd4 4. Nxd4 Nf6 5. Nc3 g6 6. e4 Bg7 7. Be3 d6 8. Be2 Bd7 9. 0-0 0-0 10. Rc1 Nxd4 11. Bxd4 Bc6 12. Qd3 Nd7 13. Bxg7 Kxg7 14. Qd4+ Kg8 15. Nd5 a5 16. Rfd1 Rc8 17. Bg4 Bxd5 18. exd5 Rc5 19. Bxd7 Qxd7 20. b3 Rfc8 21. a4 Qf5 22. Rc3 Qf6 23. Qxf6 exf6 24. Re3 Kf8 25. Rde1 f5 26. h4 R5c7 27. g3 h5 28. Kg2 Rd7 29. Kf3 f6 30. Re6 Kf7 31. Ke3 b6 32. Kd4 Rg8 33. R1e3 Ra8 34. Re2 Rg8 35. Ke3 Re7 36. Kf4 Rxe6 37. Rxe6 Rd8 38. f3 Rd7 39. Re2 Rd8 40. Rb2 Rc8 41. Ke3 Re8+ 42. Kd2 g5 43. b4 f4 44. gxf4 gxf4 45. bxa5 bxa5 46. Rb7+ Kg6 47. Rd7 Re3 48. Rxd6 Rxf3 49. c5 Ra3 50. c6 Ra2+ 51. Ke1 Rc2 52. Rd7 Kf5 53. c7 f3 54. d6 Kf4 55. Rf7 f2+ 56. Kf1 Kg3 57. Rxf6 Rc1+ 58. Ke2 Rc2+ 59. Kd3 Rc6 60. Ke4 Rxd6 61. c8Q Rxf6 62. Qc3+ 1-0

[Event "Bronshoj-chA"]
[Site "Copenhagen"]
[Date "2019.04.11"]
[Round "5"]
[White "Madsen, Michael Ole"]
[Black "Tandrup, Michael"]
[Result "1-0"]
[WhiteElo "2050"]
[BlackElo "1992"]
[PlyCount "117"]
[EventDate "2019.03.07"]
[EventType "tourn"]
[EventRounds "9"]
[EventCountry "DEN"]
[SourceTitle "EXT 2020"]
[Source "ChessBase"]
[SourceDate "2019.10.17"]
[SourceVersion "1"]
[SourceVersionDate "2019.10.17"]
[SourceQuality "1"]

1. d4 Nf6 2. Nf3 g6 3. g3 Bg7 4. Bg2 d5 5. 0-0 0-0 6. b3 c6 7. Bb2 Bf5 8. Nbd2 Qc7 9. c4 dxc4 10. Nxc4 Be4 11. Rc1 Nbd7 12. Ncd2 Bd5 13. Qc2 Bxf3 14. Nxf3 Rad8 15. e4 Qb8 16. Rfe1 Bh6 17. Rcd1 Rfe8 18. Qe2 e6 19. e5 Nd5 20. Nd2 Bxd2 21. Rxd2 a5 22. h4 h5 23. Bxd5 exd5 24. g4 Nf6 25. gxh5 Nxh5 26. Qg4 Qc8 27. Qg5 Ng7 28. Rd3 Qf5 29. Rg3 Qxg5 30. Rxg5 Ne6 31. Rg4 Kh7 32. Kg2 Ng7 33. Rh1 Nh5 34. Ba3 Re6 35. Bd6 Ra8 36. Rc1 f5 37. Rg5 Ng7 38. Kf3 Ree8 39. Ke3 Ne6 40. Rgg1 Kg7 41. Rb1 Kf7 42. a4 Rh8 43. Rh1 Rh5 44. b4 axb4 45. Rxb4 b5 46. axb5 Ra3+ 47. Kd2 cxb5 48. Rxb5 Ra2+ 49. Kc3 g5 50. Rb7+ Kg6 51. Re7 Nf4 52. e6 Rxf2 53. Be5 Rf3+ 54. Kc2 Rf2+ 55. Kb3 Rf3+ 56. Ka4 Kh6 57. hxg5+ Kxg5 58. Rg7+ Ng6 59. Rg1+ 1-0

[Event "Bronshoj Lang Weekend"]
[Site "Copenhagen"]
[Date "2018.02.17"]
[Round "5"]
[White "De Blecourt, Sandra"]
[Black "Tandrup, Michael"]
[Result "1/2-1/2"]
[WhiteElo "2081"]
[BlackElo "1944"]
[PlyCount "132"]
[EventDate "2018.02.15"]
[EventType "swiss"]
[EventRounds "7"]
[EventCountry "DEN"]
[SourceTitle "CBM 183 Extra"]
[Source "ChessBase"]
[SourceDate "2018.04.19"]
[SourceVersion "1"]
[SourceVersionDate "2018.04.19"]
[SourceQuality "1"]

1. d4 Nf6 2. c4 g6 3. Nc3 d5 4. cxd5 Nxd5 5. Bd2 Nxc3 6. Bxc3 Bg7 7. e3 0-0 8. Bc4 c5 9. Ne2 cxd4 10. Nxd4 a6 11. 0-0 Qc7 12. Qb3 Nc6 13. Nxc6 Qxc6 14. Rac1 Bxc3 15. Rxc3 Qf6 16. e4 e6 17. Qb6 Qd8 18. Rb3 Qxb6 19. Rxb6 Bd7 20. Rxb7 Bc6 21. Rb6 Bxe4 22. f3 Bd5 23. Bxd5 exd5 24. Rd1 Rab8 25. Rxb8 Rxb8 26. Rxd5 Rxb2 27. Ra5 Rb6 28. Kf2 Kf8 29. h4 h5 30. Ke3 Ke7 31. Kd3 Kd6 32. Kc4 Rc6+ 33. Kd4 Rb6 34. Rd5+ Ke6 35. Rc5 Kd6 36. Kc4 Rb2 37. Ra5 Rb6 38. g4 hxg4 39. fxg4 Rc6+ 40. Kd4 Rb6 41. a3 Ke7 42. h5 gxh5 43. gxh5 Kf6 44. Rd5 Kg7 45. Kc4 Kh6 46. Rf5 Kg7 47. a4 Kf8 48. Kc5 Re6 49. Kb4 Ke7 50. Ka5 Rc6 51. Re5+ Kd7 52. Rd5+ Ke7 53. Rd1 Rc5+ 54. Kxa6 Rxh5 55. a5 f5 56. Kb7 f4 57. a6 Ke6 58. Re1+ Kf5 59. a7 Rh7+ 60. Kb6 Rxa7 61. Kxa7 f3 62. Kb6 Kf4 63. Kc5 f2 64. Re8 Kg3 65. Rf8 Kg2 66. Rxf2+ Kxf2 1/2-1/2

[Event "Bronshoj SenSommer"]
[Site "Copenhagen"]
[Date "2017.09.07"]
[Round "4"]
[White "Moller, Arne Vagn"]
[Black "Tandrup, Michael"]
[Result "0-1"]
[WhiteElo "1890"]
[BlackElo "1946"]
[PlyCount "68"]
[EventDate "2017.08.17"]
[EventType "tourn"]
[EventRounds "7"]
[EventCountry "DEN"]
[SourceTitle "EXT 2019"]
[Source "ChessBase"]
[SourceDate "2018.10.10"]
[SourceVersion "1"]
[SourceVersionDate "2018.10.10"]
[SourceQuality "1"]

1. e4 d6 2. d4 Nf6 3. f3 g6 4. c4 c5 5. d5 Bg7 6. Bd3 0-0 7. Ne2 e6 8. 0-0 exd5 9. cxd5 Nbd7 10. Nbc3 a6 11. a4 Ne5 12. Bc2 Rb8 13. f4 Neg4 14. h3 Nh6 15. Ng3 Ne8 16. Qf3 f5 17. exf5 Nxf5 18. Nxf5 Bxf5 19. Bxf5 Rxf5 20. g4 Rf8 21. Be3 Nc7 22. Rae1 b5 23. axb5 Nxb5 24. Ne4 Nd4 25. Bxd4 Bxd4+ 26. Kh1 Rxb2 27. Ng5 Qa5 28. Re2 Qc3 29. Qe4 Rxe2 30. Qxe2 h6 31. Nf3 Qe3 32. Qxa6 Qxf4 33. Qd3 Kg7 34. Nd2 Qxd2 0-1